000 00598nam a2200205Ia 4500
003 OSt
005 20230504093459.0
008 210423s2003 xx 000 0 und d
040 _cAL
041 _aeng
082 _a660.6 GLIB
100 _aGLICK (Bernard R);PASTERNAK (Jack J).
_997406
245 _aMolecular biotechnology: principles and applications of recombinant DNA.
250 _a3
260 _bButterworth Heinemann
_c2003
300 _axxi,760
365 _b795
_cINR
906 _aapplications ; biotechnology: ; DNA. ; Molecular ; principles ; recombinant
942 _2ddc
_cBK
999 _c163183
_d163183